A study in the theory of monetary equilibrium: a comparative analysis (Record no. 360633)

000 -LEADER
fixed length control field 00353cam a22001217a 4500
008 - FIXED-LENGTH DATA ELEMENTS--GENERAL INFORMATION
fixed length control field 180718b1959 xxu||||| |||| 00| 0 eng d
082 ## - DEWEY DECIMAL CLASSIFICATION NUMBER
Classification number T41 B657
100 ## - MAIN ENTRY--PERSONAL NAME
Personal name Botha, D.J.
245 ## - TITLE STATEMENT
Title A study in the theory of monetary equilibrium: a comparative analysis
Statement of responsibility, etc. by D.J. Botha
260 ## - PUBLICATION, DISTRIBUTION, ETC.
Place of publication, distribution, etc. Leiden
Name of publisher, distributor, etc. Stenfert Kroese
Date of publication, distribution, etc. 1959
300 ## - PHYSICAL DESCRIPTION
Extent 192p.
650 ## - SUBJECT ADDED ENTRY--TOPICAL TERM
Topical term or geographic name entry element Money
Holdings
Withdrawn status Lost status Damaged status Not for loan Permanent Location Current Location Date acquired Full call number Barcode Date last seen Price effective from Koha item type
        Indian Institute of Public Administration Indian Institute of Public Administration 1994-02-25 T41 B657 19347 2018-07-21 2018-07-21 Book

Powered by Koha